000 00514nam a2200157 4500
001 117548
003 ES-MaACL
005 20230906190928.0
007 t|
008 070214s1970 sp r ||||1| spa d
245 0 0 _aPanoramas contemporáneos de la teoría económica.
260 _aMadrid :
_bAlianza,
_c1970.
300 _a3 v. ;
_c20 cm.
505 8 _aContiene: v. I: Dinero, interés y bienestar ; v. II: Crecimiento y desarrollo ; v. III: Asignación de recursos
852 _aES-MaACL
_jC-39208-10
_bR.76978
999 _c117548
_d117548